000 00503 a2200181 4500
005 20240530124213.0
008 240529b |||||||| |||| 00| 0 eng d
020 _a9781835352939
_c£ 155.00
040 _aMAIN
082 _a363.2502454
_bR664F
100 _aRomelo, Saverio
245 _aForensic chemistry and it's high performance liquid chromatography
260 _bEd-Tech Press
_c2024
_aLondon
300 _axii, 264
650 _aForensic Science
650 _aChromatography
942 _cBK
999 _c311144
_d311144